[Event "SRB-chT (Women)"]
[Site "Subotica"]
[Date "2019.08.29"]
[Round "8.5"]
[White "Urosevic, Marija"]
[Black "Miladinovic, Lena"]
[Result "1-0"]
[WhiteElo "2064"]
[BlackElo "2119"]
[PlyCount "57"]
[EventDate "2019.08.22"]
[EventType "team-tourn"]
[EventRounds "11"]
[EventCountry "SRB"]
[SourceTitle "EXT 2020"]
[Source "ChessBase"]
[SourceDate "2019.10.17"]
[SourceVersion "1"]
[SourceVersionDate "2019.10.17"]
[SourceQuality "1"]
[WhiteTeam "Lucani Mladost (W)"]
[BlackTeam "Rudovci Radnicki (W)"]
[WhiteTeamCountry "SRB"]
[BlackTeamCountry "SRB"]

1. d4 e6 2. c4 Bb4+ 3. Nc3 Nf6 4. e3 0-0 5. Bd3 c5 6. Nf3 b6 7. 0-0 Bxc3 8. bxc3 Bb7 9. Nd2 Nc6 10. f4 d5 11. Ba3 dxc4 12. Nxc4 Qd5 13. Qc2 Rfd8 14. e4 Qh5 15. dxc5 bxc5 16. e5 Nd5 17. Bxc5 Ba6 18. Rf3 Bxc4 19. Bxc4 Nxf4 20. Rxf4 Qxe5 21. Qf2 Qxc3 22. Rf1 Rd2 23. Qe3 Qc2 24. Qf3 Rc8 25. Rxf7 h6 26. Qg3 g5 27. Be3 Rd1 28. Bxe6 Re8 29. R7f2+ 1-0

[Event "SRB-chT (Women)"]
[Site "Subotica"]
[Date "2019.08.24"]
[Round "3.3"]
[White "Urosevic, Marija"]
[Black "Milivojevic, Jelena"]
[Result "1-0"]
[WhiteElo "2064"]
[BlackElo "1983"]
[PlyCount "75"]
[EventDate "2019.08.22"]
[EventType "team-tourn"]
[EventRounds "11"]
[EventCountry "SRB"]
[SourceTitle "EXT 2020"]
[Source "ChessBase"]
[SourceDate "2019.10.17"]
[SourceVersion "1"]
[SourceVersionDate "2019.10.17"]
[SourceQuality "1"]
[WhiteTeam "Lucani Mladost (W)"]
[BlackTeam "Novi Sad CC (W)"]
[WhiteTeamCountry "SRB"]
[BlackTeamCountry "SRB"]

1. d4 Nf6 2. c4 d6 3. Nc3 g6 4. e4 Bg7 5. f3 Nbd7 6. Bg5 h6 7. Be3 e5 8. d5 a5 9. Qd2 b6 10. Nge2 h5 11. Nc1 Nc5 12. Be2 Bd7 13. Rb1 Nh7 14. 0-0 0-0 15. Nd3 f5 16. exf5 gxf5 17. Nxc5 bxc5 18. f4 exf4 19. Bxf4 Qh4 20. Rf3 Bd4+ 21. Kh1 Rf7 22. Rh3 Qf6 23. Rxh5 a4 24. Rh6 Qg7 25. Rh3 Rf6 26. Bh6 Rxh6 27. Rxh6 a3 28. Nb5 Bxb5 29. cxb5 axb2 30. Rh3 Kh8 31. Bc4 Re8 32. a4 Re4 33. Bd3 Bc3 34. Qc2 Re1+ 35. Rxe1 Bxe1 36. Bxf5 Qd4 37. Rxh7+ Kg8 38. Be6+ 1-0

[Event "SRB-chT (Women)"]
[Site "Valjevo"]
[Date "2018.09.06"]
[Round "7.1"]
[White "Arsovic, Jelena"]
[Black "Urosevic, Marija"]
[Result "1/2-1/2"]
[WhiteElo "2034"]
[BlackElo "2064"]
[PlyCount "110"]
[EventDate "2018.08.31"]
[EventType "team-tourn"]
[EventRounds "11"]
[EventCountry "SRB"]
[SourceTitle "CBM 186 Extra"]
[Source "ChessBase"]
[SourceDate "2018.08.24"]
[SourceVersion "1"]
[SourceVersionDate "2018.08.24"]
[SourceQuality "1"]
[WhiteTeam "Kac Jugovic (W)"]
[BlackTeam "Lucani Mladost (W)"]
[WhiteTeamCountry "SRB"]
[BlackTeamCountry "SRB"]

1. e4 c5 2. Nf3 e6 3. d3 Nc6 4. g3 Nf6 5. Bg2 d5 6. Qe2 Be7 7. 0-0 0-0 8. e5 Ne8 9. c4 Nc7 10. Nc3 Rb8 11. h4 b5 12. Rd1 b4 13. Nb1 f6 14. Bf4 fxe5 15. Bxe5 Nxe5 16. Nxe5 Rb6 17. Nd2 Ne8 18. Rac1 Bb7 19. d4 Ba6 20. Qe3 cxd4 21. Qxd4 Bf6 22. cxd5 Nc7 23. Ne4 exd5 24. Nxf6+ Rbxf6 25. f4 Rb6 26. Qc5 Rb7 27. Bxd5+ Nxd5 28. Qxd5+ Qxd5 29. Rxd5 h6 30. Rdc5 Rd8 31. Rc8 Rbd7 32. Rxd8+ Rxd8 33. Nc6 Rd2 34. Nxb4 Bb5 35. Rc2 Rd1+ 36. Kf2 a5 37. Rc5 axb4 38. Rxb5 Rd2+ 39. Ke3 Rxb2 40. Ke4 Rxa2 41. Rxb4 Ra3 42. g4 Rh3 43. h5 Ra3 44. Rb5 Ra6 45. g5 hxg5 46. fxg5 Ra8 47. Kf5 Kh7 48. Re5 Rb8 49. Rd5 Ra8 50. Ke6 Ra6+ 51. Ke7 Ra7+ 52. Rd7 Ra5 53. g6+ Kh6 54. Kf8 Rxh5 55. Rxg7 Rg5 1/2-1/2

[Event "SRB-chT3 West CS"]
[Site "Serbia"]
[Date "2017.10.14"]
[Round "9.4"]
[White "Urosevic, Marija"]
[Black "Lazovic, Milanko"]
[Result "1-0"]
[WhiteElo "2030"]
[BlackElo "1979"]
[PlyCount "115"]
[EventDate "2017.09.03"]
[EventType "team-tourn"]
[EventRounds "11"]
[EventCountry "SRB"]
[SourceTitle "EXT 2021"]
[Source "ChessBase"]
[SourceDate "2020.10.23"]
[SourceVersion "1"]
[SourceVersionDate "2020.10.23"]
[SourceQuality "1"]

1. d4 Nf6 2. c4 g6 3. Nc3 Bg7 4. e4 d6 5. f3 0-0 6. Bg5 Nbd7 7. Qd2 c5 8. d5 a6 9. a4 Kh8 10. Nge2 Ng8 11. h4 f6 12. Be3 Ne5 13. Ng3 h5 14. Be2 Bd7 15. a5 Qe8 16. Nd1 Rb8 17. Nf2 b5 18. axb6 Rxb6 19. f4 Nf7 20. Nd3 Nfh6 21. f5 gxf5 22. Bxh5 Qc8 23. Nf4 Rd8 24. Nxf5 Bxf5 25. exf5 Qxf5 26. Bg6 Qg4 27. Bd3 Bf8 28. 0-0 Rdb8 29. Ra2 Rb3 30. Ne6 Bg7 31. Rf4 Qh5 32. Be2 Qe5 33. Rf3 Rxb2 34. Rxb2 Rxb2 35. Qd3 Ng4 36. Nf4 N8h6 37. Ng6+ Kg8 38. Nxe5 Nxe5 39. Qd1 Nhg4 40. Rg3 Nxe3 41. Rxe3 Bh6 42. Rg3+ Kf8 43. Rb3 Ra2 44. Qb1 Rxe2 45. Qh7 Be3+ 46. Rxe3 Rxe3 47. Qh6+ Kf7 48. Qxe3 Nxc4 49. Qe6+ Kg6 50. g4 Ne5 51. Qf5+ Kg7 52. g5 fxg5 53. Qxg5+ Kf7 54. Kg2 c4 55. h5 c3 56. h6 c2 57. Qf5+ Kg8 58. Qxc2 1-0

[Event "SRB-chT3 West CS"]
[Site "Serbia"]
[Date "2017.10.13"]
[Round "8.43"]
[White "Rizvanovic, Ibrahim"]
[Black "Urosevic, Marija"]
[Result "1/2-1/2"]
[WhiteElo "2145"]
[BlackElo "2030"]
[PlyCount "110"]
[EventDate "2017.09.03"]
[EventType "team-tourn"]
[EventRounds "11"]
[EventCountry "SRB"]
[SourceTitle "EXT 2021"]
[Source "ChessBase"]
[SourceDate "2020.10.23"]
[SourceVersion "1"]
[SourceVersionDate "2020.10.23"]
[SourceQuality "1"]

1. d4 Nf6 2. c4 e6 3. Nc3 Bb4 4. Qc2 c5 5. e3 b6 6. dxc5 Bxc5 7. Be2 Nc6 8. a3 Bb7 9. b4 Be7 10. Bf3 Qc8 11. Ne4 Ne5 12. Nd2 Nxf3+ 13. Ngxf3 0-0 14. Bb2 d6 15. Rc1 Qc7 16. 0-0 Rac8 17. Qd3 Qb8 18. e4 Rfd8 19. Rfe1 Qa8 20. h3 h6 21. Qe3 Nd7 22. Nd4 Bf8 23. f4 Re8 24. N4f3 a6 25. Qd3 Red8 26. Kh2 Qb8 27. Nf1 d5 28. exd5 exd5 29. Ne5 dxc4 30. Qf5 Nxe5 31. fxe5 Bd5 32. Red1 Be6 33. Qf3 Rxd1 34. Qxd1 Rd8 35. Qe2 b5 36. Ng3 Rd3 37. Rc3 Rxc3 38. Bxc3 Qd8 39. Ne4 Qd5 40. Qf3 Be7 41. g4 Kf8 42. Kg3 Bc8 43. Nd6 Qxf3+ 44. Kxf3 Be6 45. Ke4 g6 46. Bd2 Bg5 47. Bxg5 hxg5 48. Kd4 Ke7 49. Ne4 Bc8 50. Nxg5 f6 51. exf6+ Kxf6 52. Ne4+ Ke6 53. Ng5+ Kf6 54. Ne4+ Ke6 55. Ng5+ Kf6 1/2-1/2

[Event "SRB-chT3 West CS"]
[Site "Serbia"]
[Date "2017.10.13"]
[Round "7.4"]
[White "Urosevic, Marija"]
[Black "Vasilic, Mihailo"]
[Result "1-0"]
[WhiteElo "2030"]
[BlackElo "2030"]
[PlyCount "51"]
[EventDate "2017.09.03"]
[EventType "team-tourn"]
[EventRounds "11"]
[EventCountry "SRB"]
[SourceTitle "EXT 2021"]
[Source "ChessBase"]
[SourceDate "2020.10.23"]
[SourceVersion "1"]
[SourceVersionDate "2020.10.23"]
[SourceQuality "1"]

1. d4 d5 2. Nf3 Nf6 3. c4 c6 4. Nc3 g6 5. Bg5 Bg7 6. e3 0-0 7. Bd3 Re8 8. h3 Nbd7 9. cxd5 Nxd5 10. Nxd5 cxd5 11. 0-0 a6 12. Qb3 Nf8 13. Rac1 Bf6 14. Bf4 e6 15. Rc2 Be7 16. Bc7 Qxc7 17. Rxc7 Bd6 18. Rc2 b5 19. e4 Bb7 20. e5 Be7 21. Nh2 h5 22. g4 hxg4 23. Nxg4 Rac8 24. f4 Rxc2 25. Bxc2 Rc8 26. f5 1-0

[Event "SRB-chT (Women)"]
[Site "Kragujevac"]
[Date "2015.08.30"]
[Round "11.5"]
[White "Urosevic, Marija"]
[Black "Zarkovic, Mila"]
[Result "0-1"]
[WhiteElo "2052"]
[BlackElo "2224"]
[PlyCount "62"]
[EventDate "2015.08.20"]
[EventType "team-tourn"]
[EventRounds "11"]
[EventCountry "SRB"]
[SourceTitle "EXT 2016"]
[Source "ChessBase"]
[SourceDate "2015.10.08"]
[SourceVersion "1"]
[SourceVersionDate "2015.10.08"]
[SourceQuality "1"]
[WhiteTeam "Nova Varos Zlatar (W)"]
[BlackTeam "Belgrade Rad (W)"]
[WhiteTeamCountry "SRB"]
[BlackTeamCountry "SRB"]

1. d4 Nf6 2. c4 e6 3. Nc3 Bb4 4. e3 b6 5. Qb3 Bxc3+ 6. Qxc3 Bb7 7. b3 0-0 8. Ba3 d6 9. Nf3 Ne4 10. Qc2 Nd7 11. Bd3 f5 12. 0-0-0 a5 13. Ne1 Qh4 14. Rf1 Qxh2 15. g4 Rae8 16. gxf5 exf5 17. c5 bxc5 18. Bb5 Re7 19. Bxd7 Rxd7 20. dxc5 Ba6 21. Nd3 Qh4 22. f3 Ng3 23. Rf2 Qe7 24. Re1 Bxd3 25. Qxd3 dxc5 26. Qc4+ Qf7 27. Qh4 Nh5 28. Rh2 g6 29. Qg5 Qd5 30. e4 Qe5 31. Rb2 Qc3+ 0-1

[Event "SRB-chT (Women)"]
[Site "Kragujevac"]
[Date "2015.08.27"]
[Round "8.2"]
[White "Rakic, Marija"]
[Black "Urosevic, Marija"]
[Result "1-0"]
[WhiteElo "2354"]
[BlackElo "2052"]
[PlyCount "103"]
[EventDate "2015.08.20"]
[EventType "team-tourn"]
[EventRounds "11"]
[EventCountry "SRB"]
[SourceTitle "EXT 2016"]
[Source "ChessBase"]
[SourceDate "2015.10.08"]
[SourceVersion "1"]
[SourceVersionDate "2015.10.08"]
[SourceQuality "1"]
[WhiteTeam "Goracici Jelica (W)"]
[BlackTeam "Nova Varos Zlatar (W)"]
[WhiteTeamCountry "SRB"]
[BlackTeamCountry "SRB"]

1. d4 c5 2. e3 e6 3. Nf3 b6 4. Bd3 Bb7 5. 0-0 Nf6 6. c4 Be7 7. Nc3 0-0 8. d5 exd5 9. cxd5 d6 10. e4 Nbd7 11. h3 a6 12. a4 Re8 13. Bf4 Nf8 14. Nd2 Ng6 15. Be3 Nd7 16. f4 Bf6 17. Nc4 Qb8 18. Qg4 Bc8 19. Qf3 Ra7 20. Qf2 Ndf8 21. a5 Rae7 22. axb6 Nd7 23. g3 Bb7 24. Rae1 a5 25. Nxa5 Nxb6 26. Nxb7 Rxb7 27. e5 dxe5 28. f5 Ne7 29. Ba6 Nbxd5 30. Bxb7 Nxe3 31. Qxe3 Qxb7 32. Qe2 Nc6 33. Ne4 Be7 34. f6 gxf6 35. Qg4+ Kh8 36. Qh5 Rg8 37. Qxf7 Nd8 38. Qh5 Qb6 39. Kh1 Qb7 40. Qf3 Rg6 41. Rf2 Ne6 42. Kh2 Nd4 43. Qc3 Qd5 44. Nd2 Bd6 45. Qc4 Qc6 46. Qf7 f5 47. Ra1 e4 48. Ra7 Bxg3+ 49. Kh1 e3+ 50. Rf3 Bc7 51. Rxc7 Qxc7 52. Qxc7 1-0

[Event "SRB-chT (Women)"]
[Site "Kragujevac"]
[Date "2015.08.26"]
[Round "7.3"]
[White "Urosevic, Marija"]
[Black "Maksimovic, Suzana"]
[Result "0-1"]
[WhiteElo "2052"]
[BlackElo "2223"]
[PlyCount "62"]
[EventDate "2015.08.20"]
[EventType "team-tourn"]
[EventRounds "11"]
[EventCountry "SRB"]
[SourceTitle "EXT 2016"]
[Source "ChessBase"]
[SourceDate "2015.10.08"]
[SourceVersion "1"]
[SourceVersionDate "2015.10.08"]
[SourceQuality "1"]
[WhiteTeam "Nova Varos Zlatar (W)"]
[BlackTeam "Kac Jugovic (W)"]
[WhiteTeamCountry "SRB"]
[BlackTeamCountry "SRB"]

1. d4 Nf6 2. c4 e5 3. dxe5 Ng4 4. Bf4 Bb4+ 5. Nd2 d6 6. Qa4+ Nc6 7. Rd1 Bd7 8. e6 fxe6 9. Qc2 Nxf2 10. Kxf2 0-0 11. Ngf3 Rxf4 12. e3 Rf8 13. Bd3 Bxd2 14. Rxd2 Qh4+ 15. Kg1 Qh6 16. Re2 Nb4 17. Qb3 Nxd3 18. Qxd3 e5 19. h3 Bc6 20. Ne1 Rf6 21. Kh2 Raf8 22. Rg1 Qh4 23. g3 Qxh3+ 24. Kxh3 Rh6+ 25. Kg4 Bd7+ 26. Kg5 Rh3 27. Rf2 h6+ 28. Kg6 Be8+ 29. Rf7 Bxf7+ 30. Kf5 Bxc4+ 31. Kg4 Be6+ 0-1

[Event "SRB-chT (Women)"]
[Site "Palic"]
[Date "2014.09.08"]
[Round "10.2"]
[White "Maksimovic, Suzana"]
[Black "Urosevic, Marija"]
[Result "1-0"]
[WhiteElo "2198"]
[BlackElo "2021"]
[PlyCount "53"]
[EventDate "2014.08.30"]
[EventType "team-tourn"]
[EventRounds "11"]
[EventCountry "SRB"]
[SourceTitle "CBM 162 Extra"]
[Source "ChessBase"]
[SourceDate "2014.10.17"]
[SourceVersion "1"]
[SourceVersionDate "2014.10.17"]
[SourceQuality "1"]
[WhiteTeam "Kac Jugovic (W)"]
[BlackTeam "Nova Varos (W)"]
[WhiteTeamCountry "SRB"]
[BlackTeamCountry "SRB"]

1. c4 Nf6 2. Nc3 e6 3. e4 c5 4. e5 Ng8 5. Nf3 Nc6 6. d4 cxd4 7. Nb5 a6 8. Qa4 Rb8 9. Nd6+ Bxd6 10. exd6 e5 11. Bd3 Nf6 12. 0-0 0-0 13. Re1 Re8 14. Bg5 h6 15. Bxf6 Qxf6 16. c5 b5 17. Qd1 Bb7 18. Be4 Qf4 19. g3 Qg4 20. Bxc6 Bxc6 21. Nxe5 Qf5 22. Nxc6 Rxe1+ 23. Qxe1 dxc6 24. b4 a5 25. Qe7 Qe6 26. Qc7 Rc8 27. d7 1-0

[Event "Aegean op 37th"]
[Site "Aghios Kirykos"]
[Date "2014.07.14"]
[Round "4"]
[White "Kabanis, Nikolaos"]
[Black "Urosevic, Marija"]
[Result "1-0"]
[WhiteElo "1682"]
[BlackElo "2038"]
[PlyCount "65"]
[EventDate "2014.07.12"]
[EventType "swiss"]
[EventRounds "9"]
[EventCountry "GRE"]
[SourceTitle "CBM 161 Extra"]
[Source "ChessBase"]
[SourceDate "2014.08.29"]
[SourceVersion "1"]
[SourceVersionDate "2014.08.29"]
[SourceQuality "1"]

1. e4 c5 2. d4 cxd4 3. c3 d3 4. Bxd3 e6 5. Nf3 Nc6 6. 0-0 Qc7 7. Qe2 a6 8. Re1 d6 9. Na3 Nf6 10. Nc2 Be7 11. h3 0-0 12. Ne3 b6 13. Ng4 Nxg4 14. hxg4 Bb7 15. e5 Nxe5 16. Nxe5 dxe5 17. Qxe5 Qxe5 18. Rxe5 Rfd8 19. Bc2 Rac8 20. Be3 Bf6 21. Rh5 g6 22. Rh3 b5 23. g5 Bg7 24. Rd1 Bd5 25. Bb6 Rd6 26. Ba5 Be5 27. Bb4 Rdc6 28. Bb3 Bxb3 29. axb3 Bc7 30. Be7 Re8 31. Bf6 Rc5 32. Rdd3 Bf4 33. Rxh7 1-0

[Event "SRB Central-ch op (Women)"]
[Site "Vrnjacka Banja"]
[Date "2014.03.23"]
[Round "7"]
[White "Urosevic, Marija"]
[Black "Chelushkina, Irina"]
[Result "0-1"]
[WhiteElo "2056"]
[BlackElo "2261"]
[PlyCount "100"]
[EventDate "2014.03.14"]
[EventType "swiss"]
[EventRounds "7"]
[EventCountry "SRB"]
[SourceTitle "CBM 159 Extra"]
[Source "ChessBase"]
[SourceDate "2014.04.24"]
[SourceVersion "1"]
[SourceVersionDate "2014.04.24"]
[SourceQuality "1"]

1. d4 d6 2. c4 Nf6 3. Nc3 Nbd7 4. e4 e5 5. d5 Be7 6. Nge2 Nc5 7. Ng3 h5 8. Bd3 g6 9. b4 Nxd3+ 10. Qxd3 a5 11. b5 h4 12. Nge2 Nh5 13. f3 b6 14. a4 Ng7 15. Be3 Bd7 16. Kd2 Bg5 17. Rag1 Qe7 18. Kc2 0-0-0 19. Kb2 f5 20. Qd2 f4 21. Bf2 h3 22. Qd3 hxg2 23. Rxg2 Bh3 24. Rgg1 Rh6 25. Nc1 Rdh8 26. Qe2 Qf6 27. Be1 Bh4 28. Bxh4 Rxh4 29. Nd3 g5 30. Nf2 Bd7 31. Rg2 Ne8 32. Ncd1 R8h5 33. Qf1 Qf7 34. Qg1 Kb8 35. Ng4 Rh3 36. Qf2 R5h4 37. Rhg1 Bxg4 38. Rxg4 Rxh2 39. R4g2 Qh7 40. Qf1 g4 41. Nf2 gxf3 42. Rxh2 Rxh2 43. Kb3 Nf6 44. Qe1 Rxf2 45. Qxf2 Nxe4 46. Qc2 Nc5+ 47. Kc3 e4 48. Rf1 Qg7+ 49. Kd2 e3+ 50. Ke1 Qa1+ 0-1

[Event "SRB-chT (Women)"]
[Site "Kragujevac"]
[Date "2013.09.02"]
[Round "10.2"]
[White "Urosevic, Marija"]
[Black "Petrovic, Marija"]
[Result "1/2-1/2"]
[WhiteElo "2055"]
[BlackElo "2103"]
[PlyCount "79"]
[EventDate "2013.08.24"]
[EventType "team-tourn"]
[EventRounds "11"]
[EventCountry "SRB"]
[SourceTitle "CBM 156 Extra"]
[Source "ChessBase"]
[SourceDate "2013.10.22"]
[SourceVersion "1"]
[SourceVersionDate "2013.10.22"]
[SourceQuality "1"]
[WhiteTeam "Nova Varos (W)"]
[BlackTeam "Kac Jugovic (W)"]
[WhiteTeamCountry "SRB"]
[BlackTeamCountry "SRB"]

1. d4 d5 2. Nf3 c6 3. c4 Nf6 4. Nc3 Qb6 5. e3 Bg4 6. Be2 e6 7. 0-0 Nbd7 8. b3 Be7 9. Na4 Qc7 10. Bb2 0-0 11. Rc1 Rad8 12. cxd5 exd5 13. Nc3 Rfe8 14. h3 Bxf3 15. Bxf3 Qa5 16. Qc2 Ba3 17. Rfd1 Bxb2 18. Qxb2 Qb4 19. a3 Qd6 20. b4 Nb6 21. Be2 a6 22. Qb3 g6 23. a4 Ne4 24. Nxe4 Rxe4 25. Rc2 Ree8 26. Ra1 Rc8 27. Qc3 Kg7 28. Qc5 Qd8 29. Qa5 Ra8 30. Qc5 Nd7 31. Qc3 Nf6 32. Bf3 Qd6 33. Rac1 Re7 34. Qb3 h5 35. Rc5 Nd7 36. R5c2 Nf6 37. Rc5 Nd7 38. R5c2 Nf6 39. Rc5 Nd7 40. R5c2 1/2-1/2

[Event "SRB-chT (Women)"]
[Site "Kragujevac"]
[Date "2013.08.30"]
[Round "7.4"]
[White "Urosevic, Marija"]
[Black "Manakova, Maria"]
[Result "0-1"]
[WhiteElo "2055"]
[BlackElo "2351"]
[PlyCount "78"]
[EventDate "2013.08.24"]
[EventType "team-tourn"]
[EventRounds "11"]
[EventCountry "SRB"]
[SourceTitle "CBM 156 Extra"]
[Source "ChessBase"]
[SourceDate "2013.10.22"]
[SourceVersion "1"]
[SourceVersionDate "2013.10.22"]
[SourceQuality "1"]
[WhiteTeam "Nova Varos (W)"]
[BlackTeam "Belgrade Rad (W)"]
[WhiteTeamCountry "SRB"]
[BlackTeamCountry "SRB"]

1. d4 Nf6 2. c4 e6 3. Nc3 Bb4 4. e3 0-0 5. Bd3 d5 6. Nf3 c5 7. 0-0 dxc4 8. Bxc4 Qe7 9. Qe2 Rd8 10. a3 Ba5 11. Bd2 cxd4 12. Nxd4 a6 13. Ba2 Bc7 14. Nf3 Nc6 15. e4 h6 16. Rfe1 Ng4 17. Rad1 b5 18. h3 Nge5 19. Nxe5 Bxe5 20. Qg4 Kh8 21. Kh1 Bb7 22. f4 Bd4 23. Qh5 b4 24. axb4 Nxb4 25. Bb1 Kg8 26. f5 e5 27. Ne2 Bc5 28. f6 Qxf6 29. Rf1 Rxd2 30. Rxf6 Rxd1+ 31. Kh2 gxf6 32. Qg4+ Kh8 33. Qh5 Kg7 34. Qg4+ Kf8 35. Nc3 Re1 36. Qh4 Bg1+ 37. Kg3 Ke7 38. Kg4 h5+ 39. Qxh5 Rg8+ 0-1

[Event "SRB-chT (Women)"]
[Site "Kragujevac"]
[Date "2013.08.25"]
[Round "2.6"]
[White "Urosevic, Marija"]
[Black "Rakic, Marija"]
[Result "0-1"]
[WhiteElo "2055"]
[BlackElo "2294"]
[PlyCount "98"]
[EventDate "2013.08.24"]
[EventType "team-tourn"]
[EventRounds "11"]
[EventCountry "SRB"]
[SourceTitle "CBM 156 Extra"]
[Source "ChessBase"]
[SourceDate "2013.10.22"]
[SourceVersion "1"]
[SourceVersionDate "2013.10.22"]
[SourceQuality "1"]
[WhiteTeam "Nova Varos (W)"]
[BlackTeam "Goracici Jelica (W)"]
[WhiteTeamCountry "SRB"]
[BlackTeamCountry "SRB"]

1. d4 d6 2. c4 e5 3. d5 f5 4. e4 fxe4 5. Nc3 Nf6 6. Nge2 Bf5 7. Ng3 Bg6 8. Be2 Be7 9. 0-0 0-0 10. Be3 Kh8 11. Qd2 c6 12. b4 Na6 13. dxc6 bxc6 14. b5 cxb5 15. Nxb5 Nc7 16. Nxa7 Qd7 17. a4 Ne6 18. Nb5 Qc6 19. Rfd1 Rfd8 20. Nc3 Bf8 21. a5 Nc5 22. Bxc5 Qxc5 23. Nd5 Qa7 24. Qg5 Qf7 25. Qe3 Be7 26. a6 Nxd5 27. cxd5 Rf8 28. Rab1 Bh4 29. Rb7 Qf6 30. Rf1 Qf4 31. Qb6 Qd2 32. Qc7 Rg8 33. Rd1 Qa2 34. Bf1 Raf8 35. Qb6 Bd8 36. Qe3 h6 37. Rd2 Qa5 38. Nxe4 Bxe4 39. Rb5 Qa4 40. Rdb2 Bg5 41. Qb6 Qd1 42. R2b3 Rc8 43. R5b4 Qxd5 44. Qb7 Qxb3 45. Qxe4 Qd1 46. Rb1 Qd4 47. Qg6 Rgf8 48. Bd3 e4 49. Bxe4 Qxf2+ 0-1

[Event "SRB-chT (Women)"]
[Site "Valjevo"]
[Date "2012.09.18"]
[Round "2.5"]
[White "Urosevic, Marija"]
[Black "Manakova, Maria"]
[Result "0-1"]
[WhiteElo "2081"]
[BlackElo "2304"]
[PlyCount "107"]
[EventDate "2012.09.17"]
[EventType "team-tourn"]
[EventRounds "11"]
[EventCountry "SRB"]
[SourceTitle "CBM 150 Extra"]
[Source "ChessBase"]
[SourceDate "2012.10.19"]
[SourceVersion "1"]
[SourceVersionDate "2012.10.19"]
[SourceQuality "1"]
[WhiteTeam "Nova Varos (W)"]
[BlackTeam "Belgrade Rad (W)"]
[WhiteTeamCountry "SRB"]
[BlackTeamCountry "SRB"]

1. d4 Nf6 2. c4 g6 3. Nc3 d5 4. Nf3 Bg7 5. Bg5 Ne4 6. cxd5 Nxg5 7. Nxg5 e6 8. Qd2 exd5 9. Qe3+ Kf8 10. Qf4 Bf6 11. h4 h6 12. Nxd5 Bxg5 13. Qe5 Rh7 14. hxg5 Nc6 15. Qe4 Bf5 16. Qf3 Nxd4 17. Qa3+ Kg7 18. Ne3 Qxg5 19. Qc3 c5 20. Qxc5 Qf6 21. Nxf5+ Nxf5 22. g4 Nd4 23. Rd1 Rd8 24. Qc3 Rhh8 25. Rh3 Rhe8 26. Rhd3 Nc6 27. Bg2 Rxd3 28. Rxd3 Ne5 29. Re3 b6 30. Re4 Re6 31. Bh3 g5 32. Bg2 Re7 33. Qd4 Qe6 34. Re3 f6 35. Bd5 Qd6 36. Qe4 Ng6 37. Qf5 Rxe3 38. fxe3 Ne7 39. Qe6 Qb4+ 40. Kf2 Nxd5 41. Qxd5 Qxg4 42. Qb7+ Kg6 43. Qxa7 Qf5+ 44. Kg2 Qb5 45. Qe7 Qxe2+ 46. Kg3 Qe1+ 47. Kf3 Qd1+ 48. Kg3 Qg1+ 49. Kf3 Kh5 50. Ke4 Qb1+ 51. Kf3 g4+ 52. Kg3 Qg1+ 53. Kf4 Qh2+ 54. Ke4 0-1

[Event "SRB-chT (Women)"]
[Site "Valjevo"]
[Date "2011.09.06"]
[Round "11.3"]
[White "Urosevic, Marija"]
[Black "Djukic, Sandra"]
[Result "1-0"]
[WhiteElo "2058"]
[BlackElo "2212"]
[PlyCount "131"]
[EventDate "2011.08.27"]
[EventType "team-tourn"]
[EventRounds "11"]
[EventCountry "SRB"]
[SourceTitle "CBM 144 Extra"]
[Source "ChessBase"]
[SourceDate "2011.10.28"]
[SourceVersion "1"]
[SourceVersionDate "2011.10.28"]
[SourceQuality "1"]
[WhiteTeam "Kac Rad Beranovic (W)"]
[BlackTeam "Goracici Jelica (W)"]
[WhiteTeamCountry "SRB"]
[BlackTeamCountry "SRB"]

1. d4 Nf6 2. c4 g6 3. Nc3 Bg7 4. e4 d6 5. f3 Nbd7 6. Bg5 0-0 7. Qd2 c5 8. d5 a6 9. Rc1 b5 10. b3 bxc4 11. Bxc4 Ne5 12. Be2 Rb8 13. f4 Ned7 14. Nf3 h6 15. Bh4 Rb4 16. Qc2 Ng4 17. Bd3 Ngf6 18. 0-0 Qb6 19. Kh1 Qb8 20. Bf2 Nh5 21. Be3 Ndf6 22. Bd2 Qa7 23. Ne2 Rb8 24. h3 Ne8 25. e5 Bh8 26. f5 gxf5 27. Bxf5 Bxf5 28. Qxf5 Nhg7 29. Qg4 h5 30. Qg3 Qb7 31. Nf4 dxe5 32. Nxe5 Nf6 33. Qf3 Qc7 34. Bc3 h4 35. Nc6 Rbc8 36. Bxf6 exf6 37. Rxc5 Qd6 38. Rfc1 Rce8 39. Nd4 Qe5 40. Nc6 Qd6 41. R5c4 f5 42. Nh5 Qh6 43. Nxg7 Bxg7 44. Qxf5 Re2 45. Rf1 Rfe8 46. Qxf7+ Kh8 47. Qf4 Qxf4 48. Rcxf4 Rd2 49. Rxh4+ Kg8 50. Rg4 Rxd5 51. Nb4 Rd2 52. Nxa6 Rxa2 53. Nc5 Kh8 54. Ne4 Re6 55. Ng5 Rb6 56. Re1 Bc3 57. Nf7+ Kh7 58. Rf1 Rxb3 59. Rf5 Ra5 60. Rxa5 Bxa5 61. g3 Rb1+ 62. Kg2 Rb2+ 63. Kf3 Rb3+ 64. Ke4 Be1 65. Ng5+ Kg6 66. Nf3+ 1-0

[Event "SRB-chT (Women)"]
[Site "Valjevo"]
[Date "2011.09.05"]
[Round "10.5"]
[White "Urosevic, Marija"]
[Black "Paramentic, Mila"]
[Result "1-0"]
[WhiteElo "2058"]
[BlackElo "1965"]
[PlyCount "83"]
[EventDate "2011.08.27"]
[EventType "team-tourn"]
[EventRounds "11"]
[EventCountry "SRB"]
[SourceTitle "CBM 144 Extra"]
[Source "ChessBase"]
[SourceDate "2011.10.28"]
[SourceVersion "1"]
[SourceVersionDate "2011.10.28"]
[SourceQuality "1"]
[WhiteTeam "Kac Rad Beranovic (W)"]
[BlackTeam "Debrc (W)"]
[WhiteTeamCountry "SRB"]
[BlackTeamCountry "SRB"]

1. d4 d5 2. Nf3 Nf6 3. c4 e6 4. Nc3 Be7 5. Bg5 h6 6. Bh4 0-0 7. e3 b6 8. Qc2 Bb7 9. Rd1 Nbd7 10. Bg3 a6 11. cxd5 exd5 12. Be2 Rc8 13. 0-0 c5 14. dxc5 bxc5 15. Nh4 Qb6 16. Nf5 Rfe8 17. Bf3 Bf8 18. Nxd5 Nxd5 19. Bxd5 Bxd5 20. Rxd5 Nf6 21. Rd6 Rc6 22. Rxc6 Qxc6 23. Rd1 Ne4 24. Nd4 Qf6 25. Nf3 Nxg3 26. hxg3 Qe6 27. b3 Rc8 28. Nd2 Rd8 29. Nc4 Rxd1+ 30. Qxd1 Qf6 31. Qd2 Qa1+ 32. Kh2 Qf6 33. e4 Qe6 34. Qd5 Qf6 35. f4 Qa1 36. Ne5 Qxa2 37. Qxf7+ Kh7 38. Qxf8 Qxb3 39. Qxc5 h5 40. Nf3 g6 41. Ng5+ Kg7 42. Qe7+ 1-0